|
|
|
|
| LEADER |
00000cam a2200000 7i4500 |
| 001 |
0000032263 |
| 005 |
20151222.0 |
| 008 |
120529 |
| 020 |
|
|
|a 9832571901 (Series)
|
| 020 |
|
|
|a 9832571936
|
| 090 |
0 |
0 |
|a JF
|b SC ENG
|
| 100 |
1 |
|
|a Siva Prasanna Krishnan
|
| 245 |
1 |
0 |
|a Birds of the Amazon rainforest :
|b colours of the Macaw
|c Siva Prasanna Krishnan
|
| 260 |
|
|
|a Selangor :
|b Ilmiah Pub ,
|c 2004
|
| 440 |
|
|
|a Science in action series
|
| 500 |
|
|
|a Children ages 7-9 years old (orange)
|
| 650 |
|
0 |
|a Science
|x Study and teaching
|
| 999 |
|
|
|a 0000006285
|b Book
|c Children Collection
|e Cawangan Taman Universiti
|
| 999 |
|
|
|a 0000006286
|b Book
|c Children Collection
|e Cawangan Taman Universiti
|
| 999 |
|
|
|a 0000006287
|b Book
|c Children Collection
|e Cawangan Taman Universiti
|
| 999 |
|
|
|a 0000006288
|b Book
|c Children Collection
|e Cawangan Taman Universiti
|
| 999 |
|
|
|a 0001128727
|b Book
|c Children Collection
|e Cawangan Pontian
|
| 999 |
|
|
|a 0001128729
|b Book
|c Children Collection
|e Cawangan Bukit Gambir
|
| 999 |
|
|
|a 0001128730
|b Book
|c Children Collection
|e Cawangan Batu Pahat
|
| 999 |
|
|
|a 0001128734
|b Book
|c Children Collection
|e Cawangan Bandar Penawar
|
| 999 |
|
|
|a 0001128735
|b Book
|c Children Collection
|e Cawangan Segamat
|
| 999 |
|
|
|a 0001135939
|b Book
|c Children Collection
|e Cawangan Mersing
|
| 999 |
|
|
|a 0001135940
|b Book
|c Children Collection
|e Cawangan Sri Merlong
|
| 999 |
|
|
|a 0001135941
|b Book
|c Children Collection
|e Perbadanan Perpustakaan Awam Johor
|
| 999 |
|
|
|a 0001135942
|b Book
|c Children Collection
|e Cawangan Mersing
|
| 999 |
|
|
|a 0001135943
|b Book
|c Children Collection
|e Perbadanan Perpustakaan Awam Johor
|